[Event "119th Scottish Championship"]
[Site "Glasgow"]
[Date "2012.07.13"]
[Round "7"]
[White "Campbell, Eoin"]
[Black "O'Molloy, Eamonn"]
[Result "0-1"]
[WhiteElo "1868"]
[BlackElo "1904"]
[PlyCount "78"]
[EventDate "2012.07.07"]
[EventType "swiss"]
[EventRounds "9"]
[EventCountry "SCO"]
[Source "Chess Scotland"]
[SourceDate "2012.07.24"]

1. Nf3 Nf6 2. c4 e6 3. g3 d5 4. Bg2 c6 5. O-O Be7 6. d4 O-O 7. Qc2 Nbd7 8. Nbd2
b6 9. e4 Bb7 10. e5 Ne8 11. cxd5 exd5 12. Re1 Nc7 13. Bf1 Ne6 14. Bd3 h6 15.
Qd1 c5 16. Bb1 Re8 17. Nf1 Ndf8 18. Ne3 Ng5 19. Nxg5 Bxg5 20. h4 Bxe3 21. Bxe3
Rc8 22. Qg4 Rc6 23. f4 cxd4 24. Bxd4 Rc4 25. f5 Qd7 26. b3 Rc6 27. e6 fxe6 28.
fxe6 Rcxe6 29. Rxe6 Nxe6 30. Bf5 Bc8 31. Re1 Nxd4 32. Bxd7 Rxe1+ 33. Kf2 Re2+
34. Kf1 Re4 35. Qxe4 dxe4 36. Bxc8 e3 37. Bh3 Kf7 38. Ke1 Kf6 39. Kd1 Nf3 0-1

[Event "119th Scottish Championship"]
[Site "Glasgow"]
[Date "2012.07.13"]
[Round "7"]
[White "Findlay, James"]
[Black "Tsang, Sai Kong"]
[Result "0-1"]
[WhiteElo "1746"]
[BlackElo "1895"]
[PlyCount "64"]
[EventDate "2012.07.07"]
[EventType "swiss"]
[EventRounds "9"]
[EventCountry "SCO"]
[Source "Chess Scotland"]
[SourceDate "2012.07.24"]

1. d4 Nf6 2. c4 g6 3. Nc3 Bg7 4. e4 d6 5. f4 O-O 6. Bd3 e5 7. fxe5 dxe5 8. d5
Na6 9. Nf3 Re8 10. O-O c6 11. Bg5 Nb4 12. h3 Qb6+ 13. Kh2 Nh5 14. Be2 f6 15.
Bc1 Qc7 16. a3 Na6 17. d6 Qf7 18. Ng5 Qd7 19. Bg4 Qd8 20. d7 Bxd7 21. Bxd7 fxg5
22. Bxe8 Qxe8 23. Bxg5 Nc5 24. Qd2 Ne6 25. Rad1 Nd4 26. Ne2 c5 27. Nxd4 exd4
28. Qc2 h6 29. Bd2 Be5+ 30. Kg1 Ng3 31. Bxh6 Qe6 32. Bf4 Bxf4 0-1

[Event "119th Scottish Championship"]
[Site "Glasgow"]
[Date "2012.07.13"]
[Round "7"]
[White "McGeoch, Kenny R"]
[Black "Kelly, J Steven"]
[Result "0-1"]
[WhiteElo "1846"]
[BlackElo "1889"]
[PlyCount "22"]
[EventDate "2012.07.07"]
[EventType "swiss"]
[EventRounds "9"]
[EventCountry "SCO"]
[Source "Chess Scotland"]
[SourceDate "2012.07.24"]

1. c4 Nf6 2. g3 e5 3. Bg2 d5 4. cxd5 Nxd5 5. Nc3 Nb6 6. Nf3 Nc6 7. O-O Be7 8.
a3 O-O 9. b4 Be6 10. b5 Nd4 11. Nxe5 Bb3 0-1

[Event "119th Scottish Championship"]
[Site "Glasgow"]
[Date "2012.07.13"]
[Round "7"]
[White "McLatchie, J."]
[Black "Einarsson, Oskar Long"]
[Result "1/2-1/2"]
[WhiteElo "1875"]
[BlackElo "1587"]
[PlyCount "56"]
[EventDate "2012.07.07"]
[EventType "swiss"]
[EventRounds "9"]
[EventCountry "SCO"]
[Source "Chess Scotland"]
[SourceDate "2012.07.24"]

1. e4 c5 2. Nc3 Nc6 3. f4 g6 4. Nf3 Bg7 5. Bb5 Nd4 6. O-O e6 7. d3 Ne7 8. Nxd4
Bxd4+ 9. Kh1 O-O 10. Ne2 Bg7 11. g4 a6 12. Bc4 d5 13. f5 exf5 14. gxf5 gxf5 15.
exd5 b5 16. Bb3 Nxd5 17. c3 Bb7 18. Kg1 Qb6 19. Bxd5 Qg6+ 20. Ng3 Bxd5 21. Rxf5
Qc6 22. Qh5 Rad8 23. Bg5 f6 24. Be3 c4 25. d4 Bf7 26. Qf3 Bd5 27. Qh5 Bf7 28.
Qf3 Bd5 1/2-1/2

[Event "119th Scottish Championship"]
[Site "Glasgow"]
[Date "2012.07.13"]
[Round "7"]
[White "Brown, Ken A"]
[Black "Sigurdsson, Birkir Karl"]
[Result "1/2-1/2"]
[WhiteElo "1773"]
[BlackElo "1709"]
[PlyCount "178"]
[EventDate "2012.07.07"]
[EventType "swiss"]
[EventRounds "9"]
[EventCountry "SCO"]
[Source "Chess Scotland"]
[SourceDate "2012.07.24"]

1. e4 e6 2. d4 d5 3. e5 c5 4. c3 Nc6 5. Nf3 Qb6 6. Bd3 Bd7 7. O-O cxd4 8. cxd4
Nxd4 9. Nxd4 Qxd4 10. Nc3 Qxe5 11. Re1 Qd6 12. Qf3 Bc6 13. Bf4 Qd7 14. Rab1 Nf6
15. Qe2 Be7 16. a4 O-O 17. Be5 Bxa4 18. b4 a6 19. Nxa4 Qxa4 20. Bc2 Qb5 21. Bd3
Qd7 22. Rb3 b5 23. Bxf6 g6 24. Bb2 f6 25. Qxe6+ Qxe6 26. Rxe6 Kf7 27. Rc6 a5
28. bxa5 Rxa5 29. Bc3 b4 30. Bxb4 Bxb4 31. Rxb4 Ra1+ 32. Rb1 Rxb1+ 33. Bxb1 Rd8
34. Kf1 Kg7 35. Ke2 f5 36. Kd3 Kh6 37. Kd4 Kg5 38. Rc5 Rb8 39. Bd3 Kf4 40. Kxd5
Rd8+ 41. Kc4 Rb8 42. Kc3 Ra8 43. Bc4 Ra7 44. Bb3 Re7 45. Rc4+ Kg5 46. h4+ Kh6
47. Bd1 Re1 48. Kd2 Re6 49. Bf3 Re5 50. g3 Re6 51. Rc7 Re5 52. Be2 Re4 53. Bc4
Re8 54. Rd7 Rc8 55. Bd5 Re8 56. Bf7 Rf8 57. Ke3 Kg7 58. Bd5+ Kh6 59. Kf4 Rb8
60. Ke5 Re8+ 61. Be6 Rb8 62. Kf6 Rf8+ 63. Rf7 Rb8 64. Bxf5 gxf5 65. Kxf5 Rb5+
66. Kg4 Kg6 67. Rc7 h5+ 68. Kf4 Rf5+ 69. Ke3 Re5+ 70. Kd4 Ra5 71. Rc6+ Kg7 72.
f3 Ra3 73. Ke4 Ra4+ 74. Kf5 Ra3 75. Rc7+ Kh6 76. Rc6+ Kg7 77. Rg6+ Kh7 78. Rg5
Kh6 79. f4 Ra5+ 80. Ke6 Ra6+ 81. Kd5 Ra1 82. f5 Re1 83. f6 Rf1 84. Ke6 Re1+ 85.
Kf7 Re4 86. Kf8 Ra4 87. Re5 Kg6 88. f7 Ra8+ 89. Re8 Ra7 1/2-1/2

[Event "119th Scottish Championship"]
[Site "Glasgow"]
[Date "2012.07.13"]
[Round "7"]
[White "Lees, Fraser A"]
[Black "Durno, Joy"]
[Result "0-1"]
[WhiteElo "1648"]
[BlackElo "1729"]
[PlyCount "100"]
[EventDate "2012.07.07"]
[EventType "swiss"]
[EventRounds "9"]
[EventCountry "SCO"]
[Source "Chess Scotland"]
[SourceDate "2012.07.24"]

1. e4 c5 2. Nc3 Nc6 3. f4 e6 4. Nf3 g6 5. Bb5 Nd4 6. Nxd4 cxd4 7. Ne2 Bg7 8.
O-O Ne7 9. d3 O-O 10. f5 exf5 11. Bg5 f6 12. Bc4+ Kh8 13. Bd2 fxe4 14. Bb4 d5
15. Bb3 Bg4 16. h3 Bxe2 17. Qxe2 f5 18. Bxe7 Qxe7 19. Bxd5 Rad8 20. Bb3 e3 21.
Rf3 f4 22. Raf1 Be5 23. c4 Qb4 24. Qe1 Qxe1 25. Rxe1 g5 26. Kf1 Kg7 27. Ke2 Bd6
28. a3 h5 29. Rg1 g4 30. hxg4 hxg4 31. Rff1 Rh8 32. Rh1 Rdf8 33. Rxh8 Rxh8 34.
Rg1 Kf6 35. c5 Bxc5 36. Bd5 b6 37. b4 Bd6 38. Kd1 Kg5 39. Be4 Rh2 40. Ke1 Kh4
41. g3+ fxg3 42. Bg2 Kg5 43. Ke2 Bf4 44. a4 b5 45. a5 Bd6 46. a6 Bxb4 47. Kd1
Bc5 48. Bf1 Rf2 49. Be2 g2 50. Ke1 Bd6 0-1

[Event "119th Scottish Championship"]
[Site "Glasgow"]
[Date "2012.07.13"]
[Round "7"]
[White "Mirza, Diana"]
[Black "Deary, Daniel"]
[Result "1-0"]
[WhiteElo "1668"]
[BlackElo "1269"]
[PlyCount "72"]
[EventDate "2012.07.07"]
[EventType "swiss"]
[EventRounds "9"]
[EventCountry "SCO"]
[Source "Chess Scotland"]
[SourceDate "2012.07.24"]

1. d4 Nf6 2. Nf3 g6 3. e3 Bg7 4. Bd3 d5 5. Nbd2 O-O 6. Ne5 Nbd7 7. f4 Nxe5 8.
fxe5 Nd7 9. O-O f6 10. exf6 exf6 11. c4 c6 12. Qb3 Nb6 13. c5 Nd7 14. e4 f5 15.
e5 b6 16. cxb6 axb6 17. Nf3 Ba6 18. Bxa6 Rxa6 19. Bg5 Qa8 20. a3 c5 21. Qe3 Re8
22. Rfe1 Qc6 23. Bf4 Nf8 24. Qc3 Ne6 25. Be3 c4 26. Rec1 Rc8 27. Qd2 b5 28. Bh6
Qb7 29. Bxg7 Kxg7 30. Ng5 Nxg5 31. Qxg5 b4 32. axb4 Rxa1 33. Rxa1 Qxb4 34. Qf6+
Kh6 35. Qh4+ Kg7 36. Ra7+ Kf8 1-0

[Event "119th Scottish Championship"]
[Site "Glasgow"]
[Date "2012.07.13"]
[Round "7"]
[White "Schmerwitz, Reinhard"]
[Black "Villwock, Martin"]
[Result "0-1"]
[WhiteElo "1874"]
[BlackElo "2176"]
[PlyCount "56"]
[EventDate "2012.07.07"]
[EventType "swiss"]
[EventRounds "9"]
[EventCountry "SCO"]
[Source "Chess Scotland"]
[SourceDate "2012.07.24"]

1. e4 c5 2. Nf3 Nc6 3. d4 cxd4 4. Nxd4 Nf6 5. Nc3 e5 6. Ndb5 d6 7. Bg5 a6 8.
Bxf6 gxf6 9. Na3 b5 10. Nd5 f5 11. Bd3 Be6 12. c3 Rg8 13. g3 b4 14. Nc2 bxc3
15. bxc3 Bg7 16. O-O Bxd5 17. exd5 Ne7 18. Rb1 Kf8 19. c4 e4 20. Be2 f4 21.
gxf4 Ng6 22. Kh1 Nxf4 23. Rg1 Nh3 24. Rg2 Qh4 25. Qf1 Be5 26. Rxg8+ Kxg8 27.
Qg2+ Kh8 28. Ne3 Nxf2+ 0-1

[Event "119th Scottish Championship"]
[Site "Glasgow"]
[Date "2012.07.13"]
[Round "7"]
[White "Lagerman, Robert"]
[Black "Das, Arghyadip"]
[Result "1/2-1/2"]
[WhiteElo "2315"]
[BlackElo "2485"]
[PlyCount "58"]
[EventDate "2012.07.07"]
[EventType "swiss"]
[EventRounds "9"]
[EventCountry "SCO"]
[Source "Chess Scotland"]
[SourceDate "2012.07.24"]

1. e4 e6 2. d4 d5 3. Nd2 Nf6 4. e5 Nfd7 5. Bd3 c5 6. c3 Nc6 7. Ngf3 g6 8. O-O
Bg7 9. a3 a5 10. Re1 O-O 11. Nf1 cxd4 12. cxd4 Qb6 13. Qa4 f6 14. exf6 Nxf6 15.
Qb5 Qa7 16. Qa4 Ng4 17. Ne3 Nh6 18. Nc2 Nf5 19. Bxf5 Rxf5 20. Be3 Bd7 21. Qb3
Qa6 22. Qc3 Rc8 23. Qd2 Qb5 24. b4 Qa4 25. Rec1 Na7 26. Ne5 Bxe5 27. dxe5 Nb5
28. Nd4 Rxc1+ 29. Rxc1 Nxd4 1/2-1/2

[Event "119th Scottish Championship"]
[Site "Glasgow"]
[Date "2012.07.13"]
[Round "7"]
[White "McNab, Colin Anderson"]
[Black "Bannink, Bernard"]
[Result "1-0"]
[WhiteElo "2445"]
[BlackElo "2258"]
[PlyCount "69"]
[EventDate "2012.07.07"]
[EventType "swiss"]
[EventRounds "9"]
[EventCountry "SCO"]
[Source "Chess Scotland"]
[SourceDate "2012.07.24"]

1. c4 c6 2. Nf3 d5 3. e3 Nf6 4. Nc3 a6 5. Qc2 b5 6. b3 g6 7. d4 Bg7 8. Bd3 O-O
9. O-O Nbd7 10. Bb2 Bb7 11. Rfd1 Qb8 12. Rac1 Rc8 13. Qe2 e6 14. h3 bxc4 15.
bxc4 dxc4 16. Bxc4 c5 17. d5 Nb6 18. e4 Nxc4 19. Qxc4 exd5 20. exd5 Nxd5 21.
Ng5 Qf4 22. Nxd5 Qxg5 23. Bxg7 Kxg7 24. Qc3+ Kh6 25. f4 Qh4 26. g3 Qxh3 27. Rc2
Bxd5 28. Rh2 Qxh2+ 29. Kxh2 Be6 30. Rh1 Bd5 31. g4 f6 32. Qxf6 Bxh1 33. g5+ Kh5
34. Qe6 Bf3 35. Qh3# 1-0

[Event "119th Scottish Championship"]
[Site "Glasgow"]
[Date "2012.07.13"]
[Round "7"]
[White "Greet, Andrew"]
[Black "Brown, Martin"]
[Result "1-0"]
[WhiteElo "2440"]
[BlackElo "2224"]
[PlyCount "99"]
[EventDate "2012.07.07"]
[EventType "swiss"]
[EventRounds "9"]
[EventCountry "SCO"]
[Source "Chess Scotland"]
[SourceDate "2012.07.24"]

1. e4 e6 2. d4 d5 3. Nc3 Nf6 4. e5 Nfd7 5. f4 c5 6. Nf3 Nc6 7. Be3 a6 8. Qd2 b5
9. dxc5 Bxc5 10. Ne2 Qb6 11. Bxc5 Nxc5 12. Ned4 Ne4 13. Qe3 Bb7 14. Bd3 O-O 15.
O-O f5 16. Rae1 Rae8 17. Nxc6 Qxe3+ 18. Rxe3 Bxc6 19. Nd4 Bb7 20. c3 h6 21. h4
Kf7 22. h5 Rg8 23. Kh2 g6 24. hxg6+ Rxg6 25. Be2 h5 26. Bxh5 Rh8 27. Rh3 Rxh5
28. Rxh5 Ng3 29. Rh7+ Kg8 30. Rf3 Nf1+ 31. Rxf1 Kxh7 32. a4 bxa4 33. Ra1 Kh6
34. Rxa4 Kh5 35. Rb4 Bc8 36. Kh3 a5 37. Rb8 Bd7 38. Rh8+ Rh6 39. Rxh6+ Kxh6 40.
Nb3 a4 41. Nc5 Bb5 42. Nxe6 Kg6 43. Nd4 Bd3 44. g4 fxg4+ 45. Kxg4 Be4 46. f5+
Kf7 47. Kg5 Ke7 48. f6+ Kf7 49. e6+ Kf8 50. Nb5 1-0

[Event "119th Scottish Championship"]
[Site "Glasgow"]
[Date "2012.07.13"]
[Round "7"]
[White "Dunnington, Angus J"]
[Black "Brunello, Marina"]
[Result "1/2-1/2"]
[WhiteElo "2386"]
[BlackElo "2240"]
[PlyCount "81"]
[EventDate "2012.07.07"]
[EventType "swiss"]
[EventRounds "9"]
[EventCountry "SCO"]
[Source "Chess Scotland"]
[SourceDate "2012.07.24"]

1. c4 c5 2. Nc3 Nc6 3. Nf3 g6 4. e3 Nf6 5. d4 cxd4 6. exd4 d5 7. Bg5 Be6 8.
Bxf6 exf6 9. a3 Bg7 10. Be2 O-O 11. O-O a5 12. Rc1 Bh6 13. Rc2 Bf5 14. Nxd5
Bxc2 15. Qxc2 Qd6 16. Rd1 Rad8 17. Bf1 f5 18. Qb3 Rfe8 19. Nc3 Bg7 20. Nb5 Qf8
21. c5 Re4 22. Nd6 Nxd4 23. Nxd4 Rxd4 24. Rxd4 Bxd4 25. Nxf7 Rb8 26. Ne5+ Kg7
27. Nd7 Qe8 28. Nxb8 Qxb8 29. Qc2 Qe5 30. b4 axb4 31. axb4 Qe1 32. b5 Qc3 33.
Qxc3 Bxc3 34. c6 bxc6 35. bxc6 Be5 36. g3 Kf6 37. f4 Bc7 38. Bc4 h6 39. Kf2 g5
40. fxg5+ hxg5 41. Kg1 1/2-1/2

[Event "119th Scottish Championship"]
[Site "Glasgow"]
[Date "2012.07.13"]
[Round "7"]
[White "Swan, Iain"]
[Black "Bejtovic, Jasmin"]
[Result "0-1"]
[WhiteElo "2259"]
[BlackElo "2385"]
[PlyCount "84"]
[EventDate "2012.07.07"]
[EventType "swiss"]
[EventRounds "9"]
[EventCountry "SCO"]
[Source "Chess Scotland"]
[SourceDate "2012.07.24"]

1. e4 c5 2. Nf3 Nc6 3. d4 cxd4 4. Nxd4 g6 5. c4 Nf6 6. Nc3 d6 7. f3 Bg7 8. Be3
O-O 9. Qd2 Nxd4 10. Bxd4 a5 11. Be2 Nd7 12. Be3 Nc5 13. O-O Bd7 14. Rab1 Bc6
15. Rfc1 e6 16. b3 Qe7 17. a3 a4 18. b4 Nb3 19. Rxb3 axb3 20. b5 Bd7 21. Bg5
Bf6 22. Bxf6 Qxf6 23. Qb2 Qd4+ 24. Kf1 Qe5 25. h3 Qc5 26. Ra1 e5 27. Qxb3 Be6
28. a4 Rfc8 29. a5 Qd4 30. Ra4 Kg7 31. b6 Bd7 32. Ra1 Qc5 33. Nb5 Ra6 34. Qa3
Rca8 35. Nxd6 Qxa3 36. Rxa3 Bc6 37. c5 Rxa5 38. Rc3 Ra3 39. Rc2 Ra1+ 40. Kf2
R8a2 41. Rc3 Rb1 42. Nc4 Bb5 {Ke1} 0-1

[Event "119th Scottish Championship"]
[Site "Glasgow"]
[Date "2012.07.13"]
[Round "7"]
[White "Grant, Alan G"]
[Black "Bryson, Douglas M"]
[Result "0-1"]
[WhiteElo "2155"]
[BlackElo "2350"]
[PlyCount "66"]
[EventDate "2012.07.07"]
[EventType "swiss"]
[EventRounds "9"]
[EventCountry "SCO"]
[Source "Chess Scotland"]
[SourceDate "2012.07.24"]

1. d4 d5 2. Bf4 Nf6 3. e3 c5 4. c3 Nc6 5. Nd2 Qb6 6. Qb3 c4 7. Qc2 Bg4 8. Be2
Bxe2 9. Nxe2 e6 10. O-O Be7 11. h3 O-O 12. Rab1 Qa6 13. Rfe1 b5 14. b4 cxb3 15.
Qxb3 b4 16. c4 dxc4 17. Qxc4 Qb7 18. Nb3 Ne4 19. f3 Nd6 20. Qd3 Nb5 21. Rec1
Rfd8 22. Nc5 Qb6 23. Na4 Qb7 24. Nc5 Qb6 25. Na4 Qa5 26. Nc5 Nbxd4 27. Nxd4
Nxd4 28. Nb7 Qd5 29. Nxd8 Nxf3+ 30. gxf3 Qxd3 31. Nc6 Bc5 32. Rb3 Qb5 33. Ne5
a5 0-1

[Event "119th Scottish Championship"]
[Site "Glasgow"]
[Date "2012.07.13"]
[Round "7"]
[White "Spencer, Edwin A"]
[Black "Enchev, Ivajlo"]
[Result "0-1"]
[WhiteElo "2145"]
[BlackElo "2413"]
[PlyCount "46"]
[EventDate "2012.07.07"]
[EventType "swiss"]
[EventRounds "9"]
[EventCountry "SCO"]
[Source "Chess Scotland"]
[SourceDate "2012.07.24"]

1. e4 e5 2. Nc3 Nf6 3. f4 d5 4. fxe5 Nxe4 5. Nf3 Be6 6. Qe2 Nxc3 7. dxc3 Be7 8.
Be3 c5 9. Qf2 Nd7 10. Bd3 Qc7 11. Bf4 O-O-O 12. Qg3 h6 13. h4 c4 14. Be2 Nc5
15. Nd4 g5 16. Be3 gxh4 17. Qh2 Bg5 18. Nb5 Qb6 19. Nd6+ Rxd6 20. Bxg5 hxg5 21.
exd6 Qxb2 22. O-O Qxc3 23. g4 hxg3 0-1

[Event "119th Scottish Championship"]
[Site "Glasgow"]
[Date "2012.07.13"]
[Round "7"]
[White "Aagaard, Jacob"]
[Black "Ruck, Robert"]
[Result "1/2-1/2"]
[WhiteElo "2506"]
[BlackElo "2569"]
[PlyCount "29"]
[EventDate "2012.07.07"]
[EventType "swiss"]
[EventRounds "9"]
[EventCountry "SCO"]
[Source "Chess Scotland"]
[SourceDate "2012.07.24"]

1. e4 c6 2. d4 d5 3. Nd2 dxe4 4. Nxe4 Bf5 5. Ng3 Bg6 6. Nh3 Nf6 7. Bc4 Nbd7 8.
Bb3 e6 9. Nf4 Bd6 10. h4 Bxf4 11. Bxf4 h6 12. h5 Bh7 13. a4 O-O 14. O-O Re8 15.
Bd2 1/2-1/2

[Event "119th Scottish Championship"]
[Site "Glasgow"]
[Date "2012.07.13"]
[Round "7"]
[White "Teterev, Vitaly"]
[Black "Arakhamia Grant, Ketevan"]
[Result "1-0"]
[WhiteElo "2530"]
[BlackElo "2416"]
[PlyCount "91"]
[EventDate "2012.07.07"]
[EventType "swiss"]
[EventRounds "9"]
[EventCountry "SCO"]
[Source "Chess Scotland"]
[SourceDate "2012.07.24"]

1. Nf3 Nf6 2. c4 g6 3. Nc3 Bg7 4. d4 O-O 5. g3 c6 6. Bg2 d5 7. cxd5 cxd5 8. Ne5
e6 9. O-O Nfd7 10. Nf3 Nc6 11. Bf4 a6 12. Rc1 h6 13. e4 Nb6 14. exd5 exd5 15.
b3 g5 16. Be3 Ne7 17. Re1 Nf5 18. Qd3 Be6 19. Bd2 Re8 20. a4 Nc8 21. Ne5 Nce7
22. f4 Qb6 23. Ne2 f6 24. a5 Qd6 25. Ng4 h5 26. Nf2 g4 27. Rc5 Bf7 28. Nc3 Nxd4
29. Qxd4 f5 30. Re5 Nc6 31. Rxe8+ Rxe8 32. Rxd5 Qa3 33. Qa4 Qb2 34. Ncd1 Qc2
35. Qc4 Qb1 36. Qd3 Qxd3 37. Rxd3 Nd4 38. h3 Nxb3 39. Bb4 Bc4 40. Bd5+ Bxd5 41.
Rxd5 Nd4 42. Kg2 Nc2 43. Bd2 Bd4 44. hxg4 hxg4 45. Kf1 Rf8 46. Nd3 1-0

[Event "119th Scottish Championship"]
[Site "Glasgow"]
[Date "2012.07.13"]
[Round "7"]
[White "Barnaure, Vlad Victor"]
[Black "Holmes, Donald A"]
[Result "0-1"]
[WhiteElo "2511"]
[BlackElo "2271"]
[PlyCount "76"]
[EventDate "2012.07.07"]
[EventType "swiss"]
[EventRounds "9"]
[EventCountry "SCO"]
[Source "Chess Scotland"]
[SourceDate "2012.07.24"]

1. Nf3 d5 2. c4 d4 3. a3 f6 4. d3 e5 5. e3 c5 6. b4 a5 7. bxc5 Nc6 8. exd4 Nxd4
9. Nxd4 Qxd4 10. Ra2 Bxc5 11. Be3 Qd6 12. Nc3 Bxe3 13. fxe3 Nh6 14. Nb5 Qe7 15.
Qh5+ Nf7 16. Be2 O-O 17. O-O Bd7 18. Nc7 Rab8 19. Nd5 Qd6 20. Bg4 Bc6 21. Bf5
Nh6 22. Be4 f5 23. Bf3 Rbe8 24. Qh4 Kh8 25. Qe1 Qc5 26. Rff2 Bxd5 27. cxd5 e4
28. dxe4 fxe4 29. Bh5 Rxf2 30. Rxf2 Rd8 31. Qb1 Qxe3 32. Kf1 Rc8 33. Qe1 Rc1
34. Rf8+ Ng8 35. Qxc1 Qxc1+ 36. Ke2 Qxa3 37. Rd8 Qd3+ 38. Ke1 e3 0-1

[Event "119th Scottish Championship"]
[Site "Glasgow"]
[Date "2012.07.14"]
[Round "8"]
[White "Villwock, Martin"]
[Black "Thomas, Daniel"]
[Result "1-0"]
[WhiteElo "2176"]
[BlackElo "1793"]
[PlyCount "55"]
[EventDate "2012.07.07"]
[EventType "swiss"]
[EventRounds "9"]
[EventCountry "SCO"]
[Source "Chess Scotland"]
[SourceDate "2012.07.24"]

1. e4 e5 2. Nf3 Nf6 3. Nc3 Nc6 4. d4 exd4 5. Nd5 Bb4+ 6. Nxb4 Nxb4 7. e5 Nfd5
8. Bc4 Nb6 9. Bb3 d5 10. Bg5 f6 11. exf6 gxf6 12. O-O O-O 13. Bh6 Re8 14. Qxd4
c5 15. Qxc5 Nc6 16. Rfe1 Be6 17. Nd4 Nxd4 18. Qxd4 Qe7 19. Re3 Qf7 20. Rg3+ Kh8
21. Bg5 Rf8 22. Rf3 Nd7 23. Ba4 Kg7 24. Bxd7 Bxd7 25. Re1 Qg6 26. Re7+ Kh8 27.
Rxf6 Qxg5 28. Rxf8# 1-0

[Event "119th Scottish Championship"]
[Site "Glasgow"]
[Date "2012.07.14"]
[Round "8"]
[White "Sigurdsson, Birkir Karl"]
[Black "Emery, Keith"]
[Result "1-0"]
[WhiteElo "1709"]
[BlackElo "1955"]
[PlyCount "59"]
[EventDate "2012.07.07"]
[EventType "swiss"]
[EventRounds "9"]
[EventCountry "SCO"]
[Source "Chess Scotland"]
[SourceDate "2012.07.24"]

1. d4 Nf6 2. c4 g6 3. Nc3 Bg7 4. e4 d6 5. Nf3 Nbd7 6. Be2 O-O 7. O-O e5 8. Be3
Re8 9. d5 b6 10. Rc1 Nc5 11. Nd2 a5 12. a3 Kh8 13. b4 Nb7 14. Nb3 Ng8 15. f3 f5
16. c5 f4 17. Bf2 axb4 18. axb4 bxc5 19. bxc5 Qg5 20. Kh1 Nf6 21. Qe1 Ra3 22.
Bc4 Na5 23. Nxa5 Rxa5 24. Nb5 Ba6 25. Qxa5 Nh5 26. Qe1 Rb8 27. Nxc7 Bxc4 28.
Rxc4 Rb2 29. Ne6 Qh6 30. cxd6 1-0

[Event "119th Scottish Championship"]
[Site "Glasgow"]
[Date "2012.07.14"]
[Round "8"]
[White "McKenna, Jason P"]
[Black "Parks, Joe"]
[Result "1-0"]
[WhiteElo "2115"]
[BlackElo "1910"]
[PlyCount "69"]
[EventDate "2012.07.07"]
[EventType "swiss"]
[EventRounds "9"]
[EventCountry "SCO"]
[Source "Chess Scotland"]
[SourceDate "2012.07.24"]

1. e4 d6 2. d4 Nf6 3. Nc3 e5 4. Nf3 Nbd7 5. Bc4 Be7 6. O-O O-O 7. Re1 c6 8. a4
b6 9. Ba2 Qc7 10. h3 a6 11. Be3 Bb7 12. Nh4 exd4 13. Bxd4 c5 14. Nf5 Ne5 15.
Bxe5 dxe5 16. Qf3 Rad8 17. Rad1 Bc6 18. Rxd8 Rxd8 19. Qg3 Nh5 20. Qg4 g6 21.
Nh6+ Kg7 22. Nxf7 Bd7 23. Qf3 Re8 24. Nd5 Qb8 25. Nxe7 Rxe7 26. Rd1 Bxa4 27.
Ng5 Bd7 28. Qd3 Bb5 29. Qd6 Qb7 30. Bd5 Qa7 31. Ne6+ Kh6 32. Qxe5 Rxe6 33. Bxe6
Qe7 34. g4 Nf6 35. g5+ 1-0

[Event "119th Scottish Championship"]
[Site "Glasgow"]
[Date "2012.07.14"]
[Round "8"]
[White "Lindner, Daniel"]
[Black "Will, Douglas"]
[Result "1-0"]
[WhiteElo "2198"]
[BlackElo "1923"]
[PlyCount "63"]
[EventDate "2012.07.07"]
[EventType "swiss"]
[EventRounds "9"]
[EventCountry "SCO"]
[Source "Chess Scotland"]
[SourceDate "2012.07.24"]

1. c4 Nf6 2. g3 g6 3. Bg2 Bg7 4. Nc3 O-O 5. e4 e5 6. Nge2 d6 7. O-O Be6 8. d3
Qd7 9. f4 Bh3 10. f5 Bxg2 11. Kxg2 c6 12. h3 d5 13. cxd5 cxd5 14. Bg5 dxe4 15.
Bxf6 exd3 16. Bxg7 Qc6+ 17. Kh2 dxe2 18. Qxe2 Kxg7 19. f6+ Kh8 20. Qe3 Nd7 21.
Ne4 Rg8 22. Rae1 g5 23. Nxg5 Rxg5 24. Qxg5 Qc2+ 25. Kh1 Qc6+ 26. Kh2 Qc2+ 27.
Kh1 Qc6+ 28. Kg1 Rg8 29. Qe3 e4 30. Qxe4 Rxg3+ 31. Kh2 Qc7 32. Qf4 1-0

[Event "119th Scottish Championship"]
[Site "Glasgow"]
[Date "2012.07.14"]
[Round "8"]
[White "Kleboe, Jim PR"]
[Black "Spencer, Edwin A"]
[Result "1-0"]
[WhiteElo "1866"]
[BlackElo "2145"]
[PlyCount "147"]
[EventDate "2012.07.07"]
[EventType "swiss"]
[EventRounds "9"]
[EventCountry "SCO"]
[Source "Chess Scotland"]
[SourceDate "2012.07.24"]

1. d4 f5 2. Nf3 Nf6 3. g3 e6 4. Bg2 Be7 5. O-O O-O 6. b3 d6 7. Bb2 a5 8. c4 Ne4
9. Nfd2 Ng5 10. f4 Nf7 11. e4 Nd7 12. exf5 exf5 13. Na3 Nh6 14. Qc2 c6 15. Rae1
Bf6 16. Re2 a4 17. Rfe1 axb3 18. Nxb3 Nb6 19. d5 cxd5 20. Bxf6 Qxf6 21. c5 Na4
22. Bxd5+ Nf7 23. Nb5 dxc5 24. Nc7 Rb8 25. Re7 h6 26. Ne8 Qc3 27. Qxc3 Nxc3 28.
Bxf7+ Rxf7 29. Rxf7 Kxf7 30. Nd6+ Kf6 31. Re8 Nxa2 32. Nxc5 b5 33. Nd7+ Bxd7
34. Rxb8 b4 35. Nc4 Ke6 36. Nb2 g5 37. Rb6+ Kd5 38. Rxh6 gxf4 39. gxf4 Ke4 40.
Kf2 Kxf4 41. Nd3+ Kg5 42. Rb6 Nc3 43. Nxb4 f4 44. Rb7 Ne4+ 45. Ke1 Bf5 46. Rb5
Nc3 47. Ra5 Ne4 48. Nd3 f3 49. Nf2 Nd6 50. Rd5 Nf7 51. Ne4+ Kf4 52. Ng3 Bg6 53.
Kf2 Ne5 54. Rd4+ Kg5 55. h4+ Kf6 56. Ke3 Bc2 57. Rf4+ Kg6 58. Kd4 Nc6+ 59. Kc3
Bd1 60. Kd2 Bb3 61. Rxf3 Bd5 62. Rd3 Bg2 63. Rd6+ Kh7 64. Ke3 Ne5 65. Kf4 Nf7
66. Rf6 Nd8 67. Nf5 Bd5 68. Ke5 Bb3 69. Rh6+ Kg8 70. Kf6 Nf7 71. Rg6+ Kf8 72.
h5 Nh8 73. Rg7 Bc4 74. Rc7 1-0

[Event "119th Scottish Championship"]
[Site "Glasgow"]
[Date "2012.07.14"]
[Round "8"]
[White "Kelly, J Steven"]
[Black "Rutherford, Elaine"]
[Result "1-0"]
[WhiteElo "1889"]
[BlackElo "2091"]
[PlyCount "99"]
[EventDate "2012.07.07"]
[EventType "swiss"]
[EventRounds "9"]
[EventCountry "SCO"]
[Source "Chess Scotland"]
[SourceDate "2012.07.24"]

1. d4 Nf6 2. Nf3 e6 3. Bf4 b6 4. e3 Bb7 5. h3 Be7 6. Bd3 d6 7. O-O Nbd7 8. Nbd2
a6 9. Qe2 Nd5 10. Bg3 Nb4 11. Be4 d5 12. Bd3 c5 13. c3 Nxd3 14. Qxd3 O-O 15.
Rfe1 Rc8 16. Rad1 Bc6 17. Ne5 Ba4 18. Nxd7 Qxd7 19. Rc1 cxd4 20. exd4 Bg5 21.
f4 Be7 22. Nf3 Bb5 23. Qe3 Bd6 24. Ne5 Qc7 25. Qd2 a5 26. a3 Rfe8 27. Qf2 Ba6
28. Kh1 f6 29. Ng4 h5 30. Ne3 g5 31. Qf3 gxf4 32. Qxh5 fxg3 33. Nf5 Bf8 34.
Qg6+ Bg7 35. Re3 Kf8 36. Rce1 Qd7 37. Nh4 Qf7 38. Qh7 Qg8 39. Ng6+ Kf7 40. Qh5
Rc6 41. Ne5+ Ke7 42. Nxc6+ Kd6 43. Rxg3 Rc8 44. Qg4 Rc7 45. Nd8 Bc8 46. Qf4+ e5
47. dxe5+ fxe5 48. Rg6+ Ke7 49. Qg5+ Kf8 50. Rxe5 1-0